000 00716nam a22002057a 4500
999 _c20884
_d20884
003 AR-CdUCM
008 190607b ||||| |||| 00| 0 spa d
040 _aMUNICIPALIDAD PROVINCIAL DEL CUSCO
_cBIBLIOTECA MUNICIPAL DEL CUSCO
082 _a340.407 /
_bT18
100 _aTamayo Herrera, José Armando
_92300
245 _aComo hacer la tesis en derecho /
260 _aLima :
_bCONCYTEC,
_c1990.
300 _a132 páginas;
_c22 cm.
505 _aContenido: La razón de este libro -- La investigación en el campo del derecho -- La tesis, su concepto y características...
650 _aDerecho
_9739
650 _aLegislación
_92962
650 _aPerú
_92178
942 _2ddc
_cLIBROS
945 _aJavier